primer of social statistics (Record no. 351903)

MARC details
000 -LEADER
fixed length control field 004340000a22001690004500
060 ## - NATIONAL LIBRARY OF MEDICINE CALL NUMBER
Classification number 100
082 ## - DEWEY DECIMAL CLASSIFICATION NUMBER
Classification number 519.502 431 DOR
100 ## - MAIN ENTRY--PERSONAL NAME
Personal name Dornbuscb, Sanford M
100 ## - MAIN ENTRY--PERSONAL NAME
Personal name Schmid, Calvin F
245 ## - TITLE STATEMENT
Title primer of social statistics
260 ## - PUBLICATION, DISTRIBUTION, ETC. (IMPRINT)
Place of publication, distribution, etc. Newyork, Mc GRaw- Hill Book Company Inc
260 ## - PUBLICATION, DISTRIBUTION, ETC. (IMPRINT)
Date of publication, distribution, etc. 1955
300 ## - PHYSICAL DESCRIPTION
Extent 251
490 ## - SERIES STATEMENT
Series statement Mc graw hill series in sociology
650 ## - SUBJECT ADDED ENTRY--TOPICAL TERM
Topical term or geographic name as entry element Social statistics/statistics
942 ## - ADDED ENTRY ELEMENTS (KOHA)
Koha item type Books (General)
Holdings
Withdrawn status Lost status Damaged status Not for loan Home library Current library Date acquired Total Checkouts Full call number Barcode Date last seen Price effective from Koha item type
        College of Agriculture, Vellayani College of Agriculture, Vellayani 02/05/2014   519.502 431 DOR KAU_COAV-4731 02/05/2014 02/05/2014 Books (General)
Kerala Agricultural University Central Library
Thrissur-(Dt.), Kerala Pin:- 680656, India
Ph : (+91)(487) 2372219
E-mail: librarian@kau.in
Website: http://library.kau.in/